Statistics for Mountains of the Cascades

Click here to take the quiz!

General Stats

  • This quiz has been taken 52 times
  • The average score is 8 of 13

Answers on the Map

Answers color-coded by a green-red scale on the quiz's map according to % correct below.
 

Answer Stats

Answer% Correct
Mount Rainier
94%
Mount St. Helens
89%
Mount Hood
86%
Mount Shasta
83%
Mount Baker
77%
Mount Adams
69%
Three Sisters
63%
Lassen Peak
60%
Mount Jefferson
57%
Crater Lake
51%
Glacier Peak
34%
Mount Garibaldi
17%
Mount McLoughlin
14%

Score Distribution

Percentile by Number Answered

Percent of People with Each Score

Your Score History

You have not taken this quiz